Auch - Choix Multiples - Statistiques

Statistiques générales
  • Ce quiz a été pris 39 fois
  • Le résultat moyen est 7 sur 10
Statistiques - réponses
Question Réponse % Correct
La statue de quelle personnalité peut être trouvée en haut des marches de l'Escalier Monumental ? D'Artagnan
91%
Quelle image représente la cathédrale Sainte-Marie ?
82%
Quelle spécialité n'est pas typique de la ville ? Cannelé
79%
Comment appelle-t-on les habitants d'Auch ? Les Auscitains
79%
Outre la musique, un autre art a sa propre fête dédiée à Auch. Duquel s'agit-il ? Le cirque
71%
Quel nom portent les ruelles médiévales à forte pente caractéristiques de la ville ? Les pousterles
65%
Quel hymne militaire a été imprimé pour la première fois à Auch ? Le Chant des Partisans
56%
Comment s'appelle la radio locale de la ville ? Hit FM
50%
Le nombre d'habitants d'Auch est comparable à celui de quelle préfecture d'Occitanie ? Rodez
50%
Quel festival de musique y a lieu tous les ans en juin ? Éclats de voix
47%
Aucun quiz correspondant
Distribution des résultats
% des personnes avec chaque résultat
Percentile par nombre de réponses
Votre historique - résultats
Vous n’avez pas pris ce quiz